| 000 | 00955nam a22002297a 4500 | ||
|---|---|---|---|
| 999 |
_c5421 _d5421 |
||
| 003 | AR-CdUCM | ||
| 008 | 190312b ||||| |||| 00| 0 spa d | ||
| 040 |
_aMUNICIPALIDAD PROVINCIAL DEL CUSCO _cBIBLIOTECA MUNICIPAL DEL CUSCO |
||
| 082 |
_a150 / _bSA26 |
||
| 100 |
_aSaurí, Jorge J. _916327 |
||
| 245 | _aIntroducción General a la Psicología Profunda / | ||
| 260 |
_aBuenos Aires : _bEdiciones Carlos Lohlé, _c1962. |
||
| 300 |
_a2 tomos ; _c19cm |
||
| 505 | _aContenido: t.1. La Estructura del Yo -- El sentimiento del Yo -- La unidad -- La mismidad -- El mundo de los objetos -- El esquema corporal -- t.2. La dinámica del Yo -- Los fundamentos dinámicos --Las relaciones de objeto en el desarrollo del Yo -- Trauma, conflicto y crisis ... | ||
| 650 |
_aConsistencia _916328 |
||
| 650 |
_aOpacidad _916329 |
||
| 650 |
_aCuerpo _9840 |
||
| 650 |
_aSuperyó _916330 |
||
| 650 |
_aCoquetería _916331 |
||
| 942 |
_2ddc _cLIBROS |
||
| 945 | _anom | ||